Je Evropská unie energetický aktér ve vztazích s vybranými zeměmi subsaharské Afriky?

Kritériá vonkajšieho energetického aktérstva Európskej únie. Energetické vzťahy medzi Európskou úniou a subsaharskou Afrikou. Energetické vzťahy s Angolou, Gabonom a Nigériou. Ciele a záujmy energetickej politiky EÚ. Zdroje a nástroje energetickej politiky EÚ. Vonkajšie aktérstvo EÚ voči potenciálny...

Celý popis

Uložené v:
Podrobná bibliografia
Hlavný autor: Tichý, Lukáš
Ďalší autori: Prouza, Jan
Médium: Kapitola
Jazyk:Czech
Predmet:
Tagy: Pridať tag
Žiadne tagy, Buďte prvý, kto otaguje tento záznam!

MARC

LEADER 00000naa a2200000 4500
001 0249699
005 20190424132326.4
041 0 |a cze 
044 |a CZ 
245 1 0 |a Je Evropská unie energetický aktér ve vztazích s vybranými zeměmi subsaharské Afriky?  |c Lukáš Tichý, Jan Prouza 
520 |a Kritériá vonkajšieho energetického aktérstva Európskej únie. Energetické vzťahy medzi Európskou úniou a subsaharskou Afrikou. Energetické vzťahy s Angolou, Gabonom a Nigériou. Ciele a záujmy energetickej politiky EÚ. Zdroje a nástroje energetickej politiky EÚ. Vonkajšie aktérstvo EÚ voči potenciálnym exportérom: Keňa, Mozambik, Tanzánia. Ciele a záujmy energetickej politiky v tomto regióne. Zdroje a nástroje energetickej politiky EÚ v regióne. 
610 2 0 |a politika energetická 
610 2 0 |a energetika 
610 2 0 |a zdroje energetické 
610 2 0 |a ropa 
610 2 0 |a plyn zemný 
610 2 0 |a zdroje energie obnoviteľné 
610 2 0 |a spolupráca medzinárodná 
610 2 0 |a spolupráca rozvojová 
610 2 0 |a Európska únia 
610 2 0 |a Afrika 
100 1 |a Tichý, Lukáš 
700 1 |a Prouza, Jan